000 00741am a2200265a 44500
003 AR-BaBNM
005 20251128202748.0
008 187019s1974 #AR|||||||||||000 | spa||
020 _a950-9235-03-2
040 _cAR-BaBNM
100 1 _aFiguerola, Francisco José
245 1 0 _aPolítica exterior soberana
260 _aBuenos Aires
_bTemática
_c1974
300 _a126 p.
_bláms.
500 _aAnexo documental p. 89-113
504 _aContiene bibliografía para ampliar el tema p. 115
610 2 4 _aPartido Justicialista
650 4 _aSOBERANIA
650 4 _aHISTORIA POLITICA ARGENTINA
650 4 _aMISIONES DIPLOMATICAS
650 4 _aNEGOCIACIONES DIPLOMATICAS
653 _aPERONISMO
942 _cBK
998 _cmariana
999 _c450
_d450